000
00254nam a2200109Ia 4500
008
220216s9999 xx 000 0 und d
100
_a
Majumdar Samir
245
0
_a
Insoluble sulphur
260
_b
Rubberchem review
_c
1994
300
_a
39-50
942
_c
JS
999
_c
61448
_d
61448